Statistics for Most Densely Populated US States

Click here to take the quiz!

General Stats

  • This quiz has been taken 79 times
  • The average score is 15 of 16

Answer Stats

MiĀ² State % Correct
1,112.22New Jersey
99%
281.92Florida
97%
220.44Illinois
97%
782.54Massachusetts
96%
275.14Ohio
96%
685.23Connecticut
95%
395.51Delaware
95%
533.56Maryland
93%
390.85New York
93%
271.19Pennsylvania
93%
214.29California
93%
176.86Virginia
93%
960.50Rhode Island
92%
188.33Hawaii
90%
168.05Indiana
88%
170.93Michigan
84%

Score Distribution

Percentile by Number Answered

Percent of People with Each Score

Your Score History

You have not taken this quiz